| 000 | 00624cam a22002291 4500 | ||
|---|---|---|---|
| 001 | sa 67004563 | ||
| 003 | DLC | ||
| 005 | 20260227112348.0 | ||
| 008 | 870414q19601969ii 000 0 hin | ||
| 010 | _asa 67004563 | ||
| 035 | _a(OCoLC)15531174 | ||
| 040 |
_aDLC _cNRU _dNRU _dDLC |
||
| 042 | _apremarc | ||
| 043 | _aa-ii--- | ||
| 050 | 0 | 0 |
_aDS414 _b.G77 |
| 100 | 1 |
_aGupta, Prakash Chandra, _d1908- |
|
| 245 | 1 | 0 |
_aRekhācitra. _cLekhaka Prakāśacandra Gupta. |
| 260 |
_a[Prayāga] _bVidyārthī Granthāgāra _c[196-] |
||
| 300 |
_a280 p. _c19 cm. |
||
| 500 | _aIn Hindi. | ||
| 651 | 0 |
_aIndia _xDescription and travel. |
|
| 999 |
_c74585 _d74585 |
||